000 00564nam a2200217 a 4500
999 _c482
_d482
001 482
003 BD-JhCC
005 20171005162404.0
008 171005b uk ||||| |||| 00| 0 eng d
035 _a(BD-JhCC) 482
040 _aBD-JhCC
_dBD-JhCC
041 _aeng
082 _223
_a823.7
_bMAR
100 _aMarryat, Captain
245 _aThe Children of The New Forest
_cCaptain Marryat
260 _aLondon :
_bBlackie & Son Limtted
300 _a272 p. :
_c18 cm
650 _aChidrens Stones
_xNew Forest
_zEngland
942 _2ddc
_cBK